| 000 | 00963nam a2200217Ia 4500 | ||
|---|---|---|---|
| 001 | 14963 | ||
| 005 | 20260326115437.0 | ||
| 008 | 260306t2018||||xx |||||||||||||| ||spa|| | ||
| 041 | _aESP | ||
| 082 |
_a519.5 _bT81 2018 |
||
| 100 |
_aTriola, Mario F. _eAUT |
||
| 245 | 0 | _aEstadística | |
| 260 | _c2018 | ||
| 300 |
_axix, 764 páginas : _c27 cm. |
||
| 650 | _aGEN | ||
| 654 | _aCMA | ||
| 856 |
_uhttps://itmsp.museknowledge.com/UCSP?url=https://www.ebooks7-24.com:443/?il=14708&pg=1 _zVéase además: 400 Problemas resueltos de estadística multidisciplinar, por González Manteiga, María Teresa. Versión digital |
||
| 856 |
_uhttps://0u20fu7mo-y-https-research-ebsco-com.itmsp.museknowledge.com/c/qxo6us/search _zVéase además: Base de datos EBSCOhost |
||
| 856 |
_uhttps://0u20vu7ms-y-https-ebookcentral-proquest-com.itmsp.museknowledge.com/lib/catolicasp/home.action _zVéase además: Base de datos ProQuest Ebook Central |
||
| 942 |
_cLIB _dJUS _fJUS _2ddc |
||
| 999 |
_c14963 _d14963 |
||